[Event "San Francisco TNM Spring op"]
[Site "San Francisco"]
[Date "2012.03.27"]
[Round "3"]
[White "Matsuda, Leo"]
[Black "Wishard, Bruce"]
[Result "0-1"]
[WhiteElo "2057"]
[BlackElo "1370"]
[PlyCount "34"]
[EventDate "2012.03.13"]
[EventType "swiss"]
[EventRounds "8"]
[EventCountry "USA"]
[SourceTitle "EXT 2014"]
[Source "ChessBase"]
[SourceDate "2013.11.20"]
[SourceVersion "1"]
[SourceVersionDate "2013.11.20"]
[SourceQuality "1"]

1. e4 e5 2. d4 exd4 3. c3 Nc6 4. Nf3 dxc3 5. Nxc3 Bb4 6. Qc2 Nf6 7. Bd2 0-0 8. Bg5 Re8 9. Bd3 Ne5 10. Nxe5 Rxe5 11. 0-0 Rxg5 12. Ne2 d6 13. f4 Bc5+ 14. Kh1 Rh5 15. Ng3 Rh6 16. Rad1 Ng4 17. h3 Ne3 0-1